MARC details
| 000 -CABECERA |
| campo de control de longitud fija |
01047cam a2200229 a 4500 |
| 001 - NÚMERO DE CONTROL |
| campo de control |
000007168 |
| 005 - FECHA Y HORA DE LA ÚLTIMA TRANSACCIÓN |
| campo de control |
20200929154102.0 |
| 008 - DATOS DE LONGITUD FIJA--INFORMACIÓN GENERAL |
| campo de control de longitud fija |
751015s1995 sp a 000 0bspa |
| 020 ## - NÚMERO INTERNACIONAL ESTÁNDAR DEL LIBRO |
| Número Internacional Estándar del Libro |
8478202404 |
| 040 ## - FUENTE DE LA CATALOGACIÓN |
| Centro catalogador/agencia de origen |
DO-SdBNP |
| Centro/agencia modificador |
BNPHU |
| 082 ## - NÚMERO DE LA CLASIFICACIÓN DECIMAL DEWEY |
| Número de clasificación |
923.1 |
| Número de documento/Ítem |
S194i, 1995 |
| 100 1# - ENTRADA PRINCIPAL--NOMBRE DE PERSONA |
| Nombre de persona |
San Vicente Pino, Ángel. |
| 9 (RLIN) |
19905 |
| 245 10 - MENCIÓN DE TÍTULO |
| Título |
Isabel de Aragón : |
| Resto del título |
reina santa de Portugal / |
| Mención de responsabilidad, etc. |
Ángel San Vicente Pino. |
| 250 ## - MENCIÓN DE EDICIÓN |
| Mención de edición |
2a ed. renovada. |
| 260 ## - PUBLICACIÓN, DISTRIBUCIÓN, ETC. |
| Lugar de publicación, distribución, etc. |
Zaragoza, España : |
| Nombre del editor, distribuidor, etc. |
Institución "Fernando el Católico", |
| Fecha de publicación, distribución, etc. |
1995. |
| 300 ## - DESCRIPCIÓN FÍSICA |
| Extensión |
211 p. : |
| Otras características físicas |
il. ; |
| Dimensiones |
22 cm. |
| 490 1# - MENCIÓN DE SERIE |
| Mención de serie |
Publicación no. 1.679 de la Institución "Fernando el Católico" de la Exema Diputación provincial de Zaragosa ; |
| Designación de volumen o secuencia |
no. 1 |
| Mención de serie |
Temas aragoneses |
| 600 00 - PUNTO DE ACCESO ADICIONAL DE MATERIA--NOMBRE DE PERSONA |
| Nombre de persona |
ISABEL, |
| Títulos y otros términos asociados al nombre |
REINA CONSORTE DE DIONISIO I, REY DE PORTUGAL, |
| Fechas asociadas al nombre |
1271-1336. |
| 9 (RLIN) |
19906 |
| 650 #4 - PUNTO DE ACCESO ADICIONAL DE MATERIA--TÉRMINO DE MATERIA |
| Término de materia o nombre geográfico como elemento de entrada |
Portugal |
| Subdivisión general |
Historia |
| Subdivisión cronológica |
1282-1336 |
| 9 (RLIN) |
19907 |
| 830 #0 - PUNTO DE ACCESO ADICIONAL DE SERIE-TÍTULO UNIFORME |
| Título uniforme |
Publicación no. 1.679 de la Institución "Fernando el Católico" de la Exema Diputación provincial de Zaragosa ; |
| Designación de volumen o secuencia |
no. 1 |
| Nombre de parte o sección de la obra |
Temas aragoneses |
| 9 (RLIN) |
19908 |
| 910 ## - DATOS DE OPCIÓN DEL USUARIO (OCLC) |
| Datos de opción del usuario |
Catalogación derivada. |